00458nam a2200157Ia 4500082001200000100001700012245010300029260000900132300001000141504002600151650003300177650002200210650002400232650002900256650001500285 aRT.0083 aThakur, G.N; 0aLeadership network :a study on the emerging pattern of leadership at panchayati raj level in Bihar c2003 a136p. aincludes bibliography aPolitical leadership - Bihar aPanchayat - Bihar aTownship government aLocal government - Bihar aLeadership